[Event "Cappelle op 29th"]
[Site "Cappelle la Grande"]
[Date "2013.02.26"]
[Round "5"]
[White "Verduyn, Frederic"]
[Black "Boutchenik, Cyril"]
[Result "0-1"]
[WhiteElo "2168"]
[BlackElo "1960"]
[PlyCount "76"]
[EventDate "2013.02.23"]
[EventType "swiss"]
[EventRounds "9"]
[EventCountry "FRA"]
[SourceTitle "CBM 153 Extra"]
[Source "ChessBase"]
[SourceDate "2013.04.22"]
[SourceVersion "1"]
[SourceVersionDate "2013.04.22"]
[SourceQuality "1"]

1. d4 e6 2. c4 Nf6 3. g3 Bb4+ 4. Bd2 Bxd2+ 5. Qxd2 d6 6. Nc3 Nbd7 7. Bg2 0-0 8. e4 e5 9. d5 a5 10. Nge2 Ne8 11. 0-0 g6 12. h3 Ng7 13. Rac1 f5 14. f4 Qe7 15. exf5 Nxf5 16. Ne4 Nf6 17. Nxf6+ Rxf6 18. Rce1 Bd7 19. Qc3 Re8 20. fxe5 dxe5 21. c5 Bb5 22. d6 Qd7 23. g4 Bxe2 24. Rxe2 Nd4 25. Qc4+ Kg7 26. Ref2 Rxf2 27. Rxf2 cxd6 28. cxd6 b5 29. Qd5 Re6 30. Qa8 Qxd6 31. Bd5 Rf6 32. g5 Rf8 33. Qb7+ Kh8 34. Rf7 Rxf7 35. Qxf7 Qd8 36. h4 Ne2+ 37. Kh1 Nf4 38. Bb3 Qa8+ 0-1

[Event "FRA-chT U20 0304"]
[Site "France"]
[Date "2004.05.01"]
[Round "9"]
[White "Boutchenik, Cyril"]
[Black "Chapelle, Louis"]
[Result "1-0"]
[WhiteElo "1700"]
[BlackElo "1330"]
[PlyCount "71"]
[EventDate "2003.11.??"]
[EventType "team"]
[EventRounds "11"]
[EventCountry "FRA"]
[SourceTitle "EXT 2005"]
[Source "ChessBase"]
[SourceDate "2004.11.15"]
[SourceVersion "1"]
[SourceVersionDate "2004.11.15"]
[SourceQuality "1"]
[WhiteTeam "Paris NAO"]
[BlackTeam "Mulhouse"]
[WhiteTeamCountry "FRA"]
[BlackTeamCountry "FRA"]

1. d4 d5 2. c4 e6 3. Nc3 Nf6 4. Bg5 Bb4 5. a3 Bxc3+ 6. bxc3 0-0 7. e3 h6 8. Bh4 b6 9. Nf3 c5 10. cxd5 exd5 11. c4 Bb7 12. Rb1 a6 13. dxc5 dxc4 14. Qxd8 Rxd8 15. Rxb6 Bxf3 16. gxf3 Nbd7 17. Bxf6 Nxf6 18. Bxc4 Rdc8 19. c6 Rab8 20. Rxb8 Rxb8 21. Bxa6 Rb1+ 22. Kd2 Rxh1 23. c7 Kh7 24. Bd3+ g6 25. c8Q Rxh2 26. Qc7 Rxf2+ 27. Ke1 Rxf3 28. Qxf7+ Kh8 29. Bxg6 Rxe3+ 30. Kd2 Rf3 31. Qf8+ Ng8 32. Qxf3 h5 33. Qf7 Nf6 34. Qxf6+ Kg8 35. Qf7+ Kh8 36. Qh7# 1-0

[Event "FRA-chT U20 0304"]
[Site "France"]
[Date "2004.05.01"]
[Round "10"]
[White "Boutchenik, Cyril"]
[Black "Saatdjian, Stephane"]
[Result "1/2-1/2"]
[WhiteElo "1700"]
[BlackElo "1947"]
[PlyCount "80"]
[EventDate "2003.11.??"]
[EventType "team"]
[EventRounds "11"]
[EventCountry "FRA"]
[SourceTitle "EXT 2005"]
[Source "ChessBase"]
[SourceDate "2004.11.15"]
[SourceVersion "1"]
[SourceVersionDate "2004.11.15"]
[SourceQuality "1"]
[WhiteTeam "Paris NAO"]
[BlackTeam "Nancy"]
[WhiteTeamCountry "FRA"]
[BlackTeamCountry "FRA"]

1. e4 e5 2. Nc3 Nf6 3. f4 d5 4. fxe5 Nxe4 5. Qf3 Nc6 6. Bb5 Nxc3 7. bxc3 Qh4+ 8. g3 Qe4+ 9. Qxe4 dxe4 10. d4 exd3 11. cxd3 Be6 12. Bxc6+ bxc6 13. Ne2 0-0-0 14. d4 c5 15. Be3 cxd4 16. cxd4 Bb4+ 17. Kf2 Rhe8 18. a3 Ba5 19. Rhb1 Bb6 20. a4 a6 21. a5 Ba7 22. Rb4 Bd5 23. Rc1 Rd7 24. Nf4 Bb7 25. Nd3 Red8 26. Nc5 Bxc5 27. Rxc5 Rd5 28. Rbc4 Rxc5 29. dxc5 Bc6 30. Rf4 Bd5 31. Bd4 g6 32. Ke3 Kb7 33. Rf2 Rb8 34. Kf4 h5 35. Kg5 Kc6 36. Kf6 Kd7 37. Kg7 Ke7 38. e6 Bxe6 39. Bf6+ Ke8 40. Rd2 Rc8 1/2-1/2

[Event "FRA-chT U20 0304"]
[Site "France"]
[Date "2004.04.30"]
[Round "8"]
[White "Boutchenik, Cyril"]
[Black "Giroyan, Gary"]
[Result "1-0"]
[WhiteElo "1700"]
[BlackElo "1300"]
[PlyCount "87"]
[EventDate "2003.11.??"]
[EventType "team"]
[EventRounds "11"]
[EventCountry "FRA"]
[SourceTitle "EXT 2005"]
[Source "ChessBase"]
[SourceDate "2004.11.15"]
[SourceVersion "1"]
[SourceVersionDate "2004.11.15"]
[SourceQuality "1"]
[WhiteTeam "Paris NAO"]
[BlackTeam "Cannes"]
[WhiteTeamCountry "FRA"]
[BlackTeamCountry "FRA"]

1. d4 d5 2. c4 c6 3. cxd5 cxd5 4. Nc3 Nf6 5. Nf3 Nc6 6. Bg5 Bf5 7. Qb3 Qd7 8. Bxf6 exf6 9. Nxd5 Be4 10. Nc3 Bxf3 11. exf3 Nxd4 12. Bb5 Nxb3 13. Bxd7+ Kxd7 14. axb3 Bc5 15. Ne4 Bb4+ 16. Ke2 Rhe8 17. Rhd1+ Kc6 18. Rac1+ Kb6 19. Rd4 a5 20. Kd3 Red8 21. Rcc4 Ka7 22. Rc7 Rxd4+ 23. Kxd4 Rf8 24. Kd5 Rd8+ 25. Kc4 Rf8 26. Kb5 Be1 27. Nd6 Bxf2 28. Rxb7+ Ka8 29. Kxa5 Bc5 30. Rd7 Bg1 31. h3 Bh2 32. Nxf7 Rg8 33. b4 Kb8 34. b5 Bg1 35. b6 Kc8 36. Ra7 Kb8 37. Ka6 h6 38. Rc7 Bh2 39. Rb7+ Ka8 40. Ra7+ Kb8 41. b7 Kc7 42. Ra8 Rxa8+ 43. bxa8Q Bg1 44. Qb7# 1-0

[Event "FRA-ch U10"]
[Site "Le Grand Bornand"]
[Date "2003.??.??"]
[Round "2.1"]
[White "Austin, Benjamin"]
[Black "Boutchenik, Cyril"]
[Result "0-1"]
[WhiteElo "1430"]
[BlackElo "1880"]
[PlyCount "86"]
[EventDate "2003.??.??"]
[EventType "swiss"]
[EventRounds "9"]
[EventCountry "FRA"]
[SourceTitle "EXT 2004"]
[Source "ChessBase"]
[SourceDate "2003.11.25"]
[SourceVersion "1"]
[SourceVersionDate "2003.11.25"]
[SourceQuality "1"]

1. f4 f5 2. Nf3 Nf6 3. e3 e6 4. b3 d5 5. Bb2 Nc6 6. Bb5 Bd7 7. Bxc6 Bxc6 8. Ne5 Bb5 9. Qf3 Bd6 10. Qg3 0-0 11. d3 Bxe5 12. Bxe5 Qe7 13. Qh4 Qb4+ 14. Nd2 Qc5 15. 0-0 Qxe3+ 16. Kh1 Qxd2 17. Rf3 Qxc2 18. Rh3 h6 19. Rg3 Ng4 20. h3 Nxe5 21. fxe5 Qb2 22. Rf1 Qxe5 23. Qf4 Qxf4 24. Rxf4 e5 25. Rh4 f4 26. Rg6 Bxd3 27. Rgg4 Bf5 28. Rh5 Bxg4 29. hxg4 Rae8 30. g5 hxg5 31. Rxg5 d4 32. Kg1 e4 33. Rd5 d3 34. Kf1 Rd8 35. Rxd8 Rxd8 36. Ke1 d2+ 37. Kd1 e3 38. b4 e2+ 39. Kc2 d1Q+ 40. Kc3 e1Q+ 41. Kc4 Qc1+ 42. Kb5 Rd5+ 43. Ka4 Qed1# 0-1

[Event "FRA-ch U10"]
[Site "Le Grand Bornand"]
[Date "2003.??.??"]
[Round "1.1"]
[White "Boutchenik, Cyril"]
[Black "Marsollier, Antoine"]
[Result "1-0"]
[WhiteElo "1880"]
[BlackElo "1380"]
[PlyCount "87"]
[EventDate "2003.??.??"]
[EventType "swiss"]
[EventRounds "9"]
[EventCountry "FRA"]
[SourceTitle "EXT 2004"]
[Source "ChessBase"]
[SourceDate "2003.11.25"]
[SourceVersion "1"]
[SourceVersionDate "2003.11.25"]
[SourceQuality "1"]

1. d4 d5 2. Nf3 Nf6 3. e3 e6 4. Nbd2 g6 5. b3 Bg7 6. Bb2 0-0 7. Bd3 b6 8. Ne5 Bb7 9. f4 Nc6 10. a3 Nxe5 11. fxe5 Ne4 12. c4 Nxd2 13. Qxd2 Qh4+ 14. Qf2 Qxf2+ 15. Kxf2 dxc4 16. Bxc4 a6 17. Rhf1 Bd5 18. Bxd5 exd5 19. Kg1 c5 20. Rac1 cxd4 21. exd4 Rac8 22. a4 Bh6 23. Rc3 Bd2 24. Rd3 Rc2 25. Ba3 Rfc8 26. Rf2 Be1 27. Rxc2 Rxc2 28. g3 Ra2 29. Bd6 Ra1 30. Kg2 Ra2+ 31. Kf1 Ra1 32. Ke2 Ba5 33. b4 Rxa4 34. bxa5 Rxa5 35. Rc3 Kg7 36. Bc7 Ra2+ 37. Kd3 Rxh2 38. Bxb6 Rg2 39. Bd8 Rxg3+ 40. Kc2 Rxc3+ 41. Kxc3 h6 42. Bf6+ Kf8 43. Kb4 a5+ 44. Kxa5 1-0

[Event "FRA-ch U08"]
[Site "Hyeres"]
[Date "2002.??.??"]
[Round "9.4"]
[White "Boutchenik, Cyril"]
[Black "Cabanes, Kim"]
[Result "1-0"]
[WhiteElo "1400"]
[BlackElo "1140"]
[PlyCount "137"]
[EventDate "2002.04.05"]
[EventType "swiss"]
[EventRounds "9"]
[EventCountry "FRA"]
[SourceTitle "EXT 2003"]
[Source "ChessBase"]
[SourceDate "2002.11.25"]
[SourceVersion "1"]
[SourceVersionDate "2002.11.25"]
[SourceQuality "1"]

1. d4 c5 2. Nf3 cxd4 3. Nxd4 Qb6 4. Nc3 e5 5. Nd5 Qd6 6. Nb5 Qc6 7. Nbc7+ Kd8 8. Nxa8 Bd6 9. e4 b6 10. Naxb6 axb6 11. Be3 b5 12. Qe2 Ba6 13. Nc3 b4 14. Nb5 Nf6 15. f3 Ne8 16. Qc4 Bxb5 17. Qxb5 Qxc2 18. Qa5+ Ke7 19. Bc1 Bc5 20. Be2 Nc6 21. Qb5 Nd4 22. Qd3 Nc7 23. Rb1 Qa4 24. Qc4 d6 25. Bd1 Qa5 26. Bb3 Rf8 27. 0-0 Nxb3+ 28. Kh1 Nxc1 29. Rfxc1 Rc8 30. Rc2 h6 31. b3 Ne6 32. Rd1 Nd4 33. Rf2 Nxb3 34. axb3 Bxf2 35. Qxc8 Bc5 36. Rc1 Kf6 37. Qc6 Kg6 38. Rxc5 Qxc5 39. Qxc5 dxc5 40. Kg1 Kf6 41. Kf2 Ke6 42. Ke3 f5 43. Kd3 fxe4+ 44. fxe4 Kd6 45. Kc4 Kc6 46. g4 g5 47. h3 Kb6 48. Kd5 Kb5 49. Kxe5 c4 50. Kd4 cxb3 51. Kd3 Ka4 52. Kd2 b2 53. Kc2 Ka3 54. Kb1 Kb3 55. e5 Kc4 56. e6 Kd5 57. e7 Ke4 58. Kxb2 Kf3 59. e8Q Kg3 60. Qh5 Kf3 61. Qxh6 Ke4 62. Qxg5 Kd4 63. Kb3 Kd3 64. Qf4 Ke2 65. Qg3 Kf1 66. Qh2 Ke1 67. Qg2 Kd1 68. Qf2 Kc1 69. Qc2# 1-0

[Event "FRA-ch U08"]
[Site "Hyeres"]
[Date "2002.??.??"]
[Round "1.5"]
[White "Boutchenik, Cyril"]
[Black "Domenech, Vianney"]
[Result "1-0"]
[WhiteElo "1400"]
[BlackElo "1009"]
[PlyCount "47"]
[EventDate "2002.04.05"]
[EventType "swiss"]
[EventRounds "9"]
[EventCountry "FRA"]
[SourceTitle "EXT 2003"]
[Source "ChessBase"]
[SourceDate "2002.11.25"]
[SourceVersion "1"]
[SourceVersionDate "2002.11.25"]
[SourceQuality "1"]

1. d4 d6 2. Nf3 e6 3. e3 Be7 4. Bd3 Nf6 5. Nbd2 0-0 6. b3 Nbd7 7. Bb2 c5 8. 0-0 cxd4 9. exd4 e5 10. dxe5 dxe5 11. Nxe5 Nxe5 12. Bxe5 Bd6 13. Bxd6 Qxd6 14. Nc4 Qd8 15. Be2 Qxd1 16. Rfxd1 Bf5 17. Ne3 Bd7 18. Nd5 Nxd5 19. Rxd5 Be6 20. Rb5 a6 21. Rxb7 Bd5 22. Rb6 Rfe8 23. Bxa6 Rxa6 24. Rxa6 1-0

[Event "FRA-ch U08"]
[Site "Hyeres"]
[Date "2002.??.??"]
[Round "5.3"]
[White "Boutchenik, Cyril"]
[Black "Schaeffer, Francois"]
[Result "0-1"]
[WhiteElo "1400"]
[BlackElo "1270"]
[PlyCount "42"]
[EventDate "2002.04.05"]
[EventType "swiss"]
[EventRounds "9"]
[EventCountry "FRA"]
[SourceTitle "EXT 2003"]
[Source "ChessBase"]
[SourceDate "2002.11.25"]
[SourceVersion "1"]
[SourceVersionDate "2002.11.25"]
[SourceQuality "1"]

1. d4 d5 2. Nf3 Nc6 3. e3 Bf5 4. c4 Nf6 5. Qb3 Rb8 6. Nc3 e6 7. Be2 Nb4 8. 0-0 Nc2 9. Rb1 Nxd4 10. Nxd4 Bxb1 11. Nxb1 e5 12. Nb5 c6 13. Nxa7 Bc5 14. Qa4 Qb6 15. Nxc6 bxc6 16. Nc3 0-0 17. Rd1 d4 18. exd4 exd4 19. Nb1 Rfe8 20. Bf4 Rbd8 21. Re1 d3 0-1

[Event "FRA-ch U08"]
[Site "Hyeres"]
[Date "2002.??.??"]
[Round "2.5"]
[White "Feryn, Benjamin"]
[Black "Boutchenik, Cyril"]
[Result "0-1"]
[WhiteElo "1009"]
[BlackElo "1400"]
[PlyCount "102"]
[EventDate "2002.04.05"]
[EventType "swiss"]
[EventRounds "9"]
[EventCountry "FRA"]
[SourceTitle "EXT 2003"]
[Source "ChessBase"]
[SourceDate "2002.11.25"]
[SourceVersion "1"]
[SourceVersionDate "2002.11.25"]
[SourceQuality "1"]

1. e4 e6 2. d4 d5 3. exd5 exd5 4. Nf3 Bd6 5. Qe2+ Qe7 6. Bg5 Qxe2+ 7. Bxe2 Nc6 8. Nc3 Be6 9. 0-0 Nge7 10. Bxe7 Nxe7 11. Rfe1 0-0 12. Ng5 Bf5 13. Bf3 h6 14. Nh3 Be6 15. g4 Rfe8 16. Ne2 a6 17. Bg2 Bxg4 18. Nc3 Bxh3 19. Bxh3 c6 20. Re3 Bb4 21. Bg4 Bxc3 22. bxc3 Ng6 23. Rf3 Re7 24. Rb1 Nh4 25. Re3 Rxe3 26. fxe3 Re8 27. Kf2 f5 28. Be2 b5 29. Kg3 Rxe3+ 30. Kxh4 Rxe2 31. Rc1 Rxh2+ 32. Kg3 Rh5 33. Re1 Rg5+ 34. Kf4 Kf7 35. Re5 Kf6 36. Re8 g6 37. Ra8 Rg4+ 38. Kf3 a5 39. Rxa5 h5 40. Ra6 h4 41. Rxc6+ Kg5 42. Rd6 h3 43. Rxd5 h2 44. Rxb5 h1Q+ 45. Ke3 Rg3+ 46. Kd2 Qg2+ 47. Kc1 Rxc3 48. Rb2 Qf1+ 49. Kd2 Rc4 50. d5 Qf2+ 51. Kc1 Qe1# 0-1